| 000 | 00632nam a22002057a 4500 | ||
|---|---|---|---|
| 005 | 20260121105122.0 | ||
| 010 | _aENG-147575 | ||
| 020 |
_c250.00 _a9789382985044 |
||
| 035 | _aEN-131107 | ||
| 037 |
_bDBAD _aDPL |
||
| 082 |
_a025.4 _22 |
||
| 100 |
_aChakrabarti, B. _986694 |
||
| 245 |
_aLibrary Collection Selection and Preservation/ _cB. Chakrabarti [and] P.K. Mahapatra |
||
| 250 | _a2 | ||
| 260 |
_b The World Press Pvt Ltd, _aKolkata _c2015 |
||
| 270 |
_a37A College Street _bKolkata _e700073 |
||
| 300 |
_a238p. _c21cm(pb) |
||
| 700 |
_aMahapatra, P.K. _eAuthor _986695 |
||
| 942 |
_2ddc _cEN _h025.4 _mCHA |
||
| 999 |
_c214354 _d214354 |
||